| 000 | 00467nam a2200169 4500 | ||
|---|---|---|---|
| 001 | VA14171 | ||
| 003 | ES-SlBCS | ||
| 005 | 20210601154105.0 | ||
| 008 | 140520s1962 xxu||||| |||| 00| 0 spa d | ||
| 041 | _aspa | ||
| 100 | 1 |
_aKey, V. O. _9365914 |
|
| 245 | 1 | 0 |
_aPolítica, partidos y grupos de presión _cV. O. Key |
| 260 |
_aMadrid : _bInstituto de Estudios Políticos _c, 1962 |
||
| 300 |
_aXVI,1093 p.; _c23 cm |
||
| 650 |
_aPartidos Políticos _91493 |
||
| 942 | _cBK | ||
| 999 |
_c799960 _d799960 |
||